Logo BPK

Biblioteka

Politechniki Koszalińskiej

Kompleksowe zarządzanie logistyczne = (Rekord nr 42163)

Szczegóły MARC
000 -ETYKIETA REKORDU
podpole kontrolne o stałej długości 00962nam a2200241 i 4500
001 - NUMER KONTROLNY REKORDU
pole kontrolne bg
020 ## - MIĘDZYNARODOWY ZNORMALIZOWANY NUMER KSIĄŻKI - ISBN
ISBN 8388469703
040 ## - ŹRÓDŁO KATALOGOWANIA
Instytucja, która utworzyła rekord BPK
041 0# - KOD JĘZYKA
Kod języka tekstu plen
Kod języka streszczenia lub abstraktu en
080 ## - UNIWERSALNA KLASYFIKACJA DZIESIĘTNA - UKD
UKD 65.011(061)
920 ## - Międzynarodowy znormalizowany numer książki – ISBN
ISBN 83-88469-70-3
008 - POLE O STAŁEJ DŁUGOŚCI - DANE KONTROLNE
podpole kontrolne o stałej długości s pl f |000 0 pol
245 00 - TYTUŁ/ODPOWIEDZIALNOŚĆ
Tytuł Kompleksowe zarządzanie logistyczne =
Ciąg dalszy tytułu Total logistic management : materiały konferencyjne : V Międzynarodowa Konferencja Naukowa, Ustroń 10-13 październik 2001 rok.
260 ## - STREFA ADRESU WYDAWNICZEGO
Miejsce wydania Częstochowa :
Nazwa wydawcy/dystrybutora Wydaw. WZPC,
Data publikacji, dystrybucji/powstania dokumentu 2001.
300 ## - STREFA OPISU FIZYCZNEGO
Objętość 405 s. :
Inne cechy fizyczne il., mapy ;
Rozmiary 24 cm.
490 1# - STREFA SERII I DOKUMENTU WIELOCZĘŚCIOWEGO - FORMA NIE DO WYSZUKIWANIA
Tytuł i oznaczenie odpowiedzialności serii Prace Wydziału Zarządzania Politechniki Częstochowskiej. Seminaria i Konferencje,
ISSN 1428-1597 ;
Numeracja w obrębie serii 6
500 ## - UWAGI OGÓLNE
Tekst uwagi Tekst częśc. ang. Streszcz. ang., pol. przy ref.
504 ## - UWAGA DOTYCZĄCA BIBLIOGRAFII
Informacje o bibliografii Bibliogr. przy ref.
650 #9 - HASŁO PRZEDMIOTOWE W FORMIE NAZWY OGÓLNEJ LUB JEDNOSTKOWEJ
Nazwa ogólna lub geograficzna Logistyka gospodarcza
655 ## - TERMIN INDEKSOWY - OKREŚLENIE RODZAJU/FORMY DOKUMENTU
Określenie rodzaju/formy dokumentu Materiały konferencyjne
830 #0 - HASŁO DODATKOWE SERII LUB DOKUMENTU WIELOCZĘŚCIOWEGO - TYTUŁ UJEDNOLICONY
Tytuł ujednolicony Prace Wydziału Zarządzania Politechniki Częstochowskiej.
Nazwa części/sekcji dzieła Seminaria i Konferencje ;
Oznaczenie tomu 6
856 ## - LOKALIZACJA I DOSTĘP DO ELEKTRONICZNYCH DOKUMENTÓW ZDALNYCH
Link (URL) http://koha.tu.koszalin.pl/cgi-bin/koha/opac-detail.pl?biblionumber=42163
Tekst linku Katalog online BPK
942 ## - DODATKOWE ELEMENTY (KOHA)
Typ dokumentu Książka
Egzemplarze
Wycofany Status egzemplarza Uszkodzony Dostępność Lokalizacja stała Lokalizacja bieżąca Miejsce przechowywania Sygnatura Kod kreskowy Typ dokumentu
      Dostępny Biblioteka Politechniki Koszalińskiej Biblioteka Politechniki Koszalińskiej Wypożyczalnia BG 65918 01904888 Książka
© 2023 Biblioteka Politechniki Koszalińskiej :: KOHA